00871cam a22003134i 4500003000900000005001700009008004100026035001900067040003300086082002200119245002000141264005500161300002800216336002100244337002500265338002300290505014800313526001000461526001000471526001000481526001000491526000800501526000800509526000800517526000800525526000800533526000800541526000800549PE-LiUPU20250731173215.0150625s r 000 0 d a(Sirsi) a32830 aPE-LiUPUbspacPE-LiUPUerda04a220.9333bK8422100aCities Of Clay. 1aChicago :bThe universuty of Chicago Press,c1986. a167 páginas ;c23 cm. atext2rdacontent aunmediated2rdamedia avolume2rdacarrier0 aIntroduction. -Mound Development. -Mound Erosion. -The mound and Environment: Tel Laschish. -Mundbrick studies. -Microarcheology. -Conclusions. aSEG42 aSEG41 aSEG40 aSEG39 aP94 aP87 aP86 aP85 aP77 aP76 aP35